000
00463nam a2200169Ia 4500
008
090711s9999 xx 000 0 und d
082
_b
72780
100
_a
जोशी भा. पं.
245
_a
आवळा लागवड
260
_c
1992
300
_a
86
600
_a
जोशी भा. पं.
630
_a
आवळा लागवड
700
_a
जोशी भा. पं.
730
_a
आवळा लागवड
942
_c
BOOK
999
_c
284111
_d
284111